Turbulence (Record no. 5373)

000 -LEADER
fixed length control field 00511nam a2200205 i 4500
001 - CONTROL NUMBER
control field 5373
003 - CONTROL NUMBER IDENTIFIER
control field BD-DhUET
008 - FIXED-LENGTH DATA ELEMENTS--GENERAL INFORMATION
fixed length control field 750220s1975 nyua b 001 0 eng
020 ## - INTERNATIONAL STANDARD BOOK NUMBER
International Standard Book Number 0070290377
040 ## - CATALOGING SOURCE
Original cataloging agency DLC
Transcribing agency DLC
Modifying agency BD-DhUET
082 00 - DEWEY DECIMAL CLASSIFICATION NUMBER
Classification number 532.56
Item number HIN/1975
100 1# - MAIN ENTRY--PERSONAL NAME
Personal name Hinze, J. O.
245 00 - TITLE STATEMENT
Title Turbulence
250 ## - EDITION STATEMENT
Edition statement 2nd ed.
260 ## - PUBLICATION, DISTRIBUTION, ETC. (IMPRINT)
Place of publication, distribution, etc. New York
Name of publisher, distributor, etc. McGraw-Hill
Date of publication, distribution, etc. 1975
300 ## - PHYSICAL DESCRIPTION
Extent x,790p.
Other physical details ill.
Dimensions 24 cm.
490 0# - SERIES STATEMENT
Series statement McGraw-Hill series in mechanical engineering
650 #0 - SUBJECT ADDED ENTRY--TOPICAL TERM
Topical term or geographic name as entry element Turbulence
942 ## - ADDED ENTRY ELEMENTS (KOHA)
Koha item type General Book
Holdings
Koha full call number Withdrawn status Not for loan Date acquired Location (home branch) Piece designation (barcode) Lost status Sublocation or collection (holding branch) Koha date last borrowed Price effective from Shelving location Koha date last seen Copy number Koha item type Koha issues (times borrowed) Koha normalized classification for sorting Source of classification or shelving scheme Damaged status
532.56/HIN/1975  2014-11-26Central Library, BUET63813 Central Library, BUET 2014-11-26Circulation section2014-11-261General Book 532_560000000000000_HIN_1975  
532.56/HIN/1975  2014-11-26Central Library, BUET63816 Central Library, BUET 2014-11-26Circulation section2014-11-262General Book 532_560000000000000_HIN_1975  
532.56/HIN/1975  2014-12-07Central Library, BUET44334 Central Library, BUET 2014-12-07Circulation section2014-12-073General Book 532_560000000000000_HIN_1975  
532.56/HIN/1975  2014-12-07Central Library, BUET63807 Central Library, BUET 2014-12-07Circulation section2014-12-074General Book 532_560000000000000_HIN_1975  
532.56/HIN/1975  2014-12-07Central Library, BUET63812 Central Library, BUET2015-03-252014-12-07Circulation section2015-03-295General Book1532_560000000000000_HIN_1975  
532.56/HIN/1975  2014-12-07Central Library, BUET63805 Central Library, BUET 2014-12-07Circulation section2014-12-076General Book 532_560000000000000_HIN_1975  
532.56/HIN/1975  2014-12-07Central Library, BUET63810 Central Library, BUET 2014-12-07Circulation section2014-12-077General Book 532_560000000000000_HIN_1975  
532.56/HIN/1975  2014-12-07Central Library, BUET63808 Central Library, BUET 2014-12-07Circulation section2014-12-078General Book 532_560000000000000_HIN_1975  
532.56/HIN/1975  2014-12-07Central Library, BUET63809 Central Library, BUET 2014-12-07Circulation section2014-12-079General Book 532_560000000000000_HIN_1975  
532.56/HIN/1975  2014-12-07Central Library, BUET63806 Central Library, BUET2022-11-142014-12-07Circulation section2023-02-2810General Book1532_560000000000000_HIN_1975  
532.56/HIN/1975  2014-12-07Central Library, BUET63815 Central Library, BUET2015-05-262014-12-07Circulation section2015-09-1411General Book1532_560000000000000_HIN_1975  
532.56/HIN/1975  2015-03-09Central Library, BUET39158 Central Library, BUET 2015-03-09Circulation section2015-03-0912General Book 532_560000000000000_HIN_1975  
532.56/HIN/1975  2015-06-07Central Library, BUET58968 Central Library, BUET 2015-06-07Reading section2015-06-0713Reading Item 532_560000000000000_HIN_1975  
532.56/HIN/1975  2015-06-07Central Library, BUET60653 Central Library, BUET 2015-06-07Reading section2015-06-0714Reading Item 532_560000000000000_HIN_1975  
532.56/HIN/1975  2015-06-23Central Library, BUET52729 Central Library, BUET 2015-06-23Reading section2015-06-2315Reading Item 532_560000000000000_HIN_1975  
532.56 HIN/1975  1985-06-29Central Library, BUET63811 Central Library, BUET2024-11-272024-11-16Circulation section2024-11-2716General Book1532_560000000000000_HIN_1975  
532.56 HIN/1975  2024-11-16Central Library, BUET  Central Library, BUET 2024-11-16 2024-11-16 General Book 532_560000000000000_HIN_1975  
532.56 HIN/1975  2025-09-03Central Library, BUET39159 Central Library, BUET 2024-11-16Circulation section2024-11-1618General Book 532_560000000000000_HIN_1975